[Event "NED-chT playoff"]
[Site "Enschede"]
[Date "2004.05.20"]
[Round "1"]
[White "Delemarre, Jop"]
[Black "Pliester, Leon"]
[Result "1-0"]
[WhiteElo "2464"]
[BlackElo "2382"]
[Annotator "Mikhalevski,V"]
[PlyCount "67"]
[EventDate "2004.05.20"]
[EventType "team"]
[EventRounds "2"]
[EventCountry "NED"]
[SourceTitle "CBM 101"]
[Source "ChessBase"]
[SourceDate "2004.07.27"]
[SourceVersion "1"]
[SourceVersionDate "2004.07.27"]
[SourceQuality "1"]

1. d4 c6 2. c4 Nf6 3. Nf3 d5 4. e3 e6 5. Bd3 Nbd7 6. O-O dxc4 7. Bxc4 b5 8. Bd3
a6 9. a4 Bb7 10. e4 c5 $2 {I believe this move is very dangerous as Black's
back in development and opening of the position should favour White.} (10...
Be7 {can be found in Klinov-Solovjov,St. Perersburg-ch 2004[Mikhalevski,V] CBM
101.}) 11. e5 $6 {White allows to close the position.} ({Also} 11. Bg5 $6 {
is wrong.} c4 12. Bc2 Qb6 (12... h6 $5) 13. d5 Bc5 14. axb5 axb5 15. Rxa8+ Bxa8
16. Nc3 exd5 17. Nxd5 Nxd5 18. exd5 O-O 19. Qd2 Nf6 {Black solved opening
problems and soon a draw was agreed.} 20. Bxf6 Qxf6 21. Ng5 Qd4 22. Rd1 Qxd2
23. Rxd2 h6 24. Ne4 {1/2-1/2 Shipov,S-Zontakh,A/St Petersburg 1994/CBM 43 ext 
(24)}) (11. axb5 $1 {is much better} axb5 12. Rxa8 Qxa8 (12... Bxa8 $5) 13.
Bxb5 $1 (13. Nc3 $5) 13... Bxe4 14. Ne5 $1 {and White's initiative is very
dangerous.}) 11... c4 $1 {Thanks to this intermediate move Black succeeds to
close the position and doesn't seem to have any problems.} 12. Bc2 ({While
analysing this game I was very surprised to find my blitz game in this line:} 
12. exf6 cxd3 13. Qxd3 Nc5 $1 14. Qd1 ({or} 14. fxg7 Bxg7 15. Qd1 Nxa4) 14...
Nxa4 15. Rxa4 $2 {Too optimistic. White doesn't get sufficient compensation
and eventually loses.} bxa4 16. Ne5 Qa5 (16... Qd5 $5 17. Qxa4+ Qb5) 17. Bd2
Qb5 18. Nc3 Qb3 $1 19. Qh5 g6 $19 {0-1 Mikhalevski,V-Sergejev,R/ICC INT 2001/
CBM 81 ext (27). (27)}) (12. Be2 {with the idea of later b3 looks better:} Nd5
13. axb5 axb5 14. Rxa8 Qxa8 15. b3 {However Black comes with} Qa2 $1 {and only
White has to think of equality.}) 12... Nd5 13. Ng5 Be7 $1 14. Qh5 ({Also} 14.
Qg4 {leads to some complications.} N7b6 $5 (14... h5 15. Qg3 N7b6 16. a5 Nc8 (
16... Nb4 $2 17. Nxf7 Kxf7 18. Bg6+ Kg8 19. Qh3 Bd5 20. axb6 $14) 17. Bg6 Bxg5
$1 (17... fxg6 $4 18. Nxe6 Qd7 19. Qxg6#) 18. Bxg5 Nde7 $1 19. Bc2 Qxd4) 15.
Nxh7 Nb4 $1 16. Qxg7 Kd7 $1) ({In case of} 14. Nxh7 $2 g6 {White would have to
return a pawn remaining with a bad position.} 15. Nf6+ N7xf6 16. exf6 Bxf6)
14... Bxg5 $6 {Giving up the dark-squared bishop Black weakens the d6-square.}
(14... g6 {was better and could lead to unclear complications. For example} 15.
Qh6 Bf8 16. Qh3 Nb4 17. Nxe6 fxe6 18. Bxg6+ hxg6 19. Qxh8 Nc2 (19... Qe7 $5)
20. Qg8 Be4 21. Nc3 Bf5) 15. Bxg5 Qb6 16. Be3 $1 (16. axb5 Nb4 $1) 16... O-O-O
$2 {This is already a serious mistake.} (16... Nb4 {was necessary} 17. d5 (17.
Bd1 $5 Nd3) 17... g6 $1 18. Qe2 (18. Qh6 Qc7 19. dxe6 Nxe5 $1 (19... fxe6 $2
20. Bxg6+)) 18... Qc7 19. dxe6 fxe6 20. axb5 axb5 21. Rxa8+ Bxa8 {with good
chances to equalize.}) 17. axb5 axb5 (17... Qxb5 18. Nc3 $1 Qxb2 (18... Nxc3 {
opens the b-file for the white rooks.} 19. bxc3) 19. Nxd5 Bxd5 20. Rfc1 {
with a very dangerous attack.}) 18. Nc3 $16 {Now the a-file is open and the
knight is ready to jump to e4. Black's in trouble.} f5 19. exf6 gxf6 ({
Probably after} 19... N7xf6 $16 {Black had more chances to keep the position.})
20. Be4 $1 {Strengthening the pressure on d5.} Nxe3 ({Or} 20... Nxc3 21. Bxb7+
Qxb7 22. bxc3 Rdg8 23. g3 {with the idea of Rfb1.}) 21. fxe3 f5 22. Bxb7+ Kxb7
({Doesn't save} 22... Qxb7 23. Ra5 Rdg8 24. Qe2 $18) 23. Qf3+ Kc7 (23... Kc8
24. Ra8+ Nb8 25. Rfa1 {with a decisive attack.}) 24. Ra7+ $1 Kd6 $2 {loses on
the spot.} (24... Kc8 {could only prolong the fight.} 25. Rfa1 $18) 25. Rb7 $18
Qa6 26. Qg3+ $1 Ke7 27. Qg7+ Kd6 28. Rxd7+ $1 {White wins a piece and the rest
doesn't require comments.} Rxd7 29. Qxh8 b4 30. Qf8+ Re7 31. Qb8+ Kc6 32. Qxb4
Rb7 33. Qc5+ Kd7 34. d5 1-0

[Event "Karadjordje Serbia"]
[Site "Topola"]
[Date "2004.05.09"]
[Round "6"]
[White "Jeremic, Veljko"]
[Black "Goloshchapov, Alexander"]
[Result "1-0"]
[WhiteElo "2490"]
[BlackElo "2569"]
[Annotator "Mikhalevski,V"]
[PlyCount "73"]
[EventDate "2004.05.04"]
[EventType "tourn"]
[EventRounds "11"]
[EventCountry "YUG"]
[EventCategory "13"]
[SourceTitle "CBM 101"]
[Source "ChessBase"]
[SourceDate "2004.07.27"]
[SourceVersion "1"]
[SourceVersionDate "2004.07.27"]
[SourceQuality "1"]

1. d4 d5 2. c4 e6 3. Nf3 Nf6 4. g3 dxc4 5. Qa4+ c6 6. Qxc4 b5 7. Qd3 (7. Qc2 {
is more popular.}) ({While} 7. Qb3 {is a less promising idea.}) 7... Bb7 8. Bg2
Nbd7 9. O-O Be7 {I believe this rare move is the source of the following
troubles.} ({Immediate} 9... a6 {with the idea c5 which was played in the most
of the games looks better. This way Black saves an important tempo which was
missed in the game.}) 10. Be3 {A new move in the position. White's idea is
very simple- he wants to stop c5.} ({In the previous games White tested other
options.} 10. Bg5 a6 11. a4 O-O 12. Nbd2 h6 13. Bxf6 Bxf6 14. Ne4 Be7 15. Rfc1
a5 (15... Rc8 $5) 16. b3 Bb4 17. Qe3 $14 {1-0 Benjamin,J-Boehm,J/Dortmund 1985/
MCL (55). (55)}) (10. Nc3 b4 (10... O-O 11. Rd1 h6 (11... b4 $5 12. Ne4 c5) 12.
Bf4 b4 13. Na4 Qa5 14. b3 c5 15. Rac1 Rac8 {and Black equalized easily. 1/2-1/
2 Wojtkiewicz,A-Matlak,M/Katowice 1992/TD (24)}) 11. Ne4 c5 12. Nxf6+ Nxf6 13.
Be3 Rc8 14. Rac1 Qa5 15. dxc5 O-O (15... Bxc5 $2 16. Bxc5 Rxc5 17. Qd6 $1 $18)
16. Nd4 Bxg2 17. Kxg2 Qxa2 18. Nb3 Rfd8 19. Bd4 $1 Qa4 20. Ra1 Qd7 21. Qf3 Qc7
22. Bxf6 Bxf6 23. Ra2 {and eventually White managed to outplay his opponent
gaining a full point. 1-0 Andersson,U-Galego,L/Bled 2002/EXT 2003 (84)}) (10.
Bd2 $5 {with the idea b4.} O-O (10... b4 $5 {[%cal Gc6c5]}) 11. b4 {Too early.
White doesn't succeed to maintain the pawn on b4.} a5 $1 12. bxa5 b4 $1 13. Qb3
Qxa5 14. Ne1 Rfb8 15. Bf4 Rc8 {and Black took initiative. 0-1 Jocys,D-Novikov,
V/Vilnius 1995/CBM 49 ext (31)}) 10... a6 {Creating a positional threat of c5.
Usually if Black succeeds in advancing the c-pawn to c5 without any losses he
equalizes easily.} 11. Rc1 Rc8 {The play has concentrated around the c5-square.
} 12. Nbd2 {White prepares Nb3.} O-O (12... c5 {which looks like the way to go
turns out to be tactically wrong. White makes use of the hanging position of
the b7-bishop and the f7-pawn.} 13. dxc5 Bxc5 (13... Nxc5 14. Qxd8+ Kxd8 15.
Ne5 Bxg2 16. Nxf7+ Ke8 (16... Kd7 17. Nxh8 Bb7 18. Nf7) 17. Nxh8 Bb7 18. b4 Na4
19. Rxc8+ Bxc8 20. Rc1 Bd7 21. a3 $16) ({In case of} 13... Nd5 {White can try
to simply defend the c5-pawn.} 14. Nb3) 14. Bxc5 Nxc5 15. Qxd8+ Kxd8 16. b4 $1
(16. Ne5 $140 Ke7) 16... Bxf3 (16... Nce4 17. Ng5 $1) 17. Nxf3 Ncd7 18. Rxc8+
Kxc8 19. Rc1+ Kb8 20. Nd4) (12... Nd5 13. Nb3 O-O {would lead to transposition.
}) 13. Nb3 Nd5 14. a3 $1 {White prepares doubling of the rooks along the
c-file.} (14. Rc2 $4 Nb4) 14... h6 15. Rc2 $1 Qb6 16. Rac1 $14 {White won the
opening battle. The c5-break is stoped.} Rfd8 $6 {It seems that Black simply
missed White's idea.} ({Probably Black has tgo wait with} 16... Rfe8) 17. Bd2
$1 {The threat of Ba5 is very annoying and Black decides to temporary
sacrifice an exchange.} c5 $2 {Too optimistic.} ({After} 17... Qa7 18. e4 N5b6
19. Bb4 {White's in full control over the dark squares. Nevertheless it
deserved serious attention.}) 18. Ba5 {[%csl Rb6,Rd8]} c4 ({If Black starts
with} 18... Qa7 {and only after} 19. Bxd8 c4 {then} 20. Bxe7 $1 cxd3 21. Rxc8+
Bxc8 22. Rxc8+ Kh7 23. Bd6 Qb6 24. e4 $1 $18 {and with two minor pieces+ rook
vs queen White wins.}) 19. Qd2 $6 {Jeremic prefers an exchange over a pawn and
allows some counterplay.} ({White could win a pawn after straightforward} 19.
Bxb6 $1 cxd3 20. Bxd8 Rxc2 21. Rxc2 dxc2 22. Bxe7 Nxe7 23. Ne1 $16 {and White
has to be able to convert his advantage into a full point.}) 19... Qa7 20. Bxd8
Rxd8 21. Na5 Ba8 {Afte series of the bad moves White loses all his advantage
and has to look for equality.} 22. b3 $6 (22. b4 $5) 22... c3 {Black wins an
exchange back.} (22... Bxa3 23. bxc4 Bxc1 24. Rxc1 bxc4 25. Nxc4 {is slightly
better for White.}) 23. Rxc3 {Of course White can't allow the c-pawn to stay
on c3.} Nxc3 24. Qxc3 Bxa3 25. Ra1 $6 {The rook had to stay on the c-file.} (
25. Rc2 $5) 25... b4 $1 $15 {Underlines inaccurate play of White.} ({Certainly
not} 25... Be7 26. Nc6 Bxc6 27. Qxc6 Nb8 28. Qxb5) 26. Qc4 $4 {I wonder
whether this move was really played.} (26. Qc2 {was necessary leaving the
c4-square for the a5-knight.}) 26... Nf6 $4 ({Black could trap the knight with
} 26... Qb6 $1 $19) 27. Nc6 $1 {White not only exchnages his "bad" knight for
a strong bishop, but also obtains an extra piece in play as the a3-bishop is
absolutely useless on a3.} Bxc6 28. Qxc6 $14 Nd5 29. e3 Ne7 30. Qa4 $1 {
White prepares a manoeuvre of the knight to c4.} Ng6 31. Nd2 e5 32. d5 $16 {
There is no way to stop Nc4 and so White wins at least a pawn.} Ne7 33. Nc4 $1
Qc5 (33... Nxd5 {loses to} 34. Rd1 Qa8 35. Qa5 $18) 34. Qxa6 $18 {Black's
hopeless. He is a pawn down and a piece down in play.} Nxd5 {Desperation.} 35.
Rd1 {This pin is mortal.} Kh7 36. Be4+ $1 g6 37. Qb7 {Black loses a piece and
so he resigned.} 1-0

[Event "ISR-chT"]
[Site "Israel"]
[Date "1999.03.19"]
[Round "8"]
[White "Mikhalevski, Victor"]
[Black "Rabinovich, Alexander"]
[Result "1-0"]
[WhiteElo "2531"]
[BlackElo "2437"]
[Annotator "Mikhalevski,V"]
[PlyCount "61"]
[EventDate "1999.01.??"]
[EventType "team"]
[EventRounds "11"]
[EventCountry "ISR"]
[SourceTitle "CBM 070"]
[Source "ChessBase"]
[SourceDate "1999.06.08"]
[SourceVersion "1"]
[SourceVersionDate "1999.06.08"]
[SourceQuality "1"]

{[%mdl 2048]} 1. d4 d5 2. c4 e6 3. Nf3 c6 4. g3 dxc4 5. Bg2 b5 6. O-O Bb7 7. a4
Nd7 8. Nc3 b4 $6 $146 {Not very successful novelty.} (8... a6 {consolidating
position on the queen side is preferable.} 9. Ne5 (9. e4 {Tsesarsky} Ngf6 10.
e5 Nd5 11. Ng5 h6 12. Qh5 g6 13. Qh3 Be7 14. Nce4 $44 {0-1 Maherramzade,
J-Burmakin,V/II Open, Ubeda ESP 1997 (33)}) 9... Ne7 (9... Nxe5 {Tsesarsky} 10.
dxe5 Qc7 11. Ne4 (11. axb5 cxb5 (11... Rd8 12. b6 Qxb6 13. Qa4 $14) 12. Nxb5
axb5 13. Rxa8+ Bxa8 14. Bxa8 Bc5 15. b3 Ne7 16. bxc4 O-O 17. Be4 Qxe5 18. Qc2
f5 19. Bg2 bxc4 $11) 11... Rd8 (11... Qxe5 12. Qc2 $44) 12. Qc2 f5 13. Ng5 (13.
exf6 Nxf6 14. Ng5 $14) 13... Bc8 14. b3 $5 $36 (14. axb5 cxb5 15. Rxa6 $6 Bxa6
16. Nxe6 Qc8 17. Nxd8 Kxd8 18. Rd1+ Ke8 $17 {1-0 Borovikov,V-Santos,C/EU-chJ
Sas van Gent 1992 (27)})) 10. axb5 axb5 (10... Nxe5 {Tsesarsky} 11. dxe5 (11.
bxa6 Nd7 12. Ne4 Nf5 13. Bg5 f6 14. axb7 Rxa1 15. Qxa1 fxg5 $15) 11... axb5 12.
Nxb5 cxb5 (12... Rxa1 13. Nd6+ $18) 13. Qxd8+ Kxd8 14. Rxa8+ Bxa8 15. Bxa8 $14
({In the following game Black decided to check Tsesarsky's evaluation of
current position and rightly so.Black has no any problems what can't be said
about White.} 15. Bxa8 Kc7 16. Rd1 Ng6 17. Be4 Bc5 18. Bd2 Kb6 19. Bg5 b4 20.
Bd8+ Kb5 21. Bc7 Ne7 22. Rd7 Nd5 23. Rxf7 Ra8 24. Bd6 Bxd6 25. exd6 Rd8 26.
Rxg7 Nf6 27. Rb7+ Kc5 28. Rc7+ Kd4 29. Bc6 Nd5 30. Bxd5 exd5 31. d7 Ke5 32. e3
Kd6 33. Rb7 b3 34. Rb6+ Kc5 35. Rb7 Kc6 36. Rb4 Rxd7 $17 {0-1 Filippov,
V-Burmakin,V/St. Petersburg 1998/CBM 67 noVC (46)})) 11. Rxa8 Bxa8 12. Nxd7
Qxd7 13. e4 $44 {Solozhenkin-Tregubov,1998 Tsesarsky CBM66.}) 9. Ne4 ({
Certainly not} 9. Nb1 c5 {and Black is OK.}) 9... c5 10. Ne5 $1 {[%cal Ge5f7]
making use of the development advantage and preparing N:f7.} Bd5 {It looks
like Black keeps the position,but...} ({After} 10... Nxe5 11. dxe5 {[%csl Rf8,
Rg8,Rh8] Black has serious problems with the king side pieces:} Qxd1 12. Rxd1
Bd5 13. Be3 Rc8 14. Rac1 $16 {[%cal Ge4d2,Gd2c4]}) (10... cxd4 11. Nxf7 Kxf7
12. Ng5+ Ke7 13. Bxb7 $36) (10... Bxe4 11. Bxe4 Nxe5 12. Bxa8 (12. dxe5 $5 {
[%csl Rc4,Re8,Rf8,Rg8,Rh8]}) 12... cxd4 13. Bg2 $36 {[%csl Re8]}) 11. Nxf7 $1 {
[%mdl 512] I didn't need to think too much before this sacrifice.White's
initiative has been developing by itself.} Kxf7 12. Ng5+ Ke8 $8 (12... Ke7 {
is even more dangerous:} 13. e4 h6 (13... Bb7 14. Qg4 {[%csl Re6]}) 14. exd5 (
14. Qh5 $5 Qe8 15. Qh4 $1 $40) 14... hxg5 15. Qe2 Qc8 (15... e5 16. Bxg5+ Ngf6
17. dxe5 $18) 16. Bxg5+ Ndf6 (16... Ngf6 17. dxe6 Nb6 18. a5 $1 $18) 17. dxc5
$1 $16) 13. e4 Bb7 (13... Be7 $2 {loses to} 14. exd5 Bxg5 15. dxe6) 14. Nxe6
Qb6 15. d5 {[%cal Ga4a5]} a5 16. e5 $1 {Most agressive way of the initiative
development.} Ne7 {Since 16...N:e5 is not good Black has no anything else.} ({
After} 16... Nxe5 {White wins all the material and even more back with almost
winning position in all the branches:} 17. Qe2 Bd6 (17... Nd3 18. Nxc5+ Kd8 (
18... Be7 19. Nxb7 $16 {[%cal Gd5d6]}) 19. Nxb7+ Qxb7 20. d6 Qa6 21. Qf3 $1 {
[%cal Rf3f8,Rf3a8]} Bxd6 22. Qxa8+ Qxa8 23. Bxa8 $16) 18. Bf4 Nd3 19. Nxc5+ Kd8
(19... Be7 20. Nxb7 Nxf4 21. gxf4 Kf8 22. d6 $18) (19... Kf8 $4 20. Nd7+) (
19... Ne7 20. Bxd6 Qxd6 21. Nxb7 Qe5 22. Qxe5 Nxe5 23. Rae1 Nd3 24. d6 Nxe1 25.
Rxe1 $18) 20. Nxb7+ Qxb7 21. Bxd6 $16) 17. f4 $5 {I decided to keep the
pressure on because I had been afraid that hasty 17.d6 winning a piece back
would lose a lion part of the initiative.Nevertheless White is still better
there and it can be considered as a good alternative to 17.f4.} (17. d6 Bxg2
18. Kxg2 Qc6+ 19. Kg1 Ra7 20. dxe7 Qxe6 21. exf8=Q+ Rxf8 22. f4 $14) 17... Nf5
(17... c3 $5 18. bxc3 c4+ 19. Rf2 b3 (19... bxc3 20. Ba3 {[%cal Ga1b1]})) 18.
Be4 Nh6 $8 (18... g6 $2 19. Bxf5 gxf5 20. Qh5+ Ke7 21. Qg5+ Ke8 (21... Kf7 22.
Qxf5+ Kg8 (22... Ke8 23. Qh5+ Ke7 24. d6+ Kxe6 25. Qg4+ Kf7 (25... Kd5 26. Rd1+
Ke4 27. f5+ Kxe5 28. Bg5 $1 {[%cal Gg4f4]}) 26. Qxd7+ Kg8 27. Qe6+ Kg7 28. f5 {
[%cal Gc1h6]} h6 29. Qg6#) 23. d6 $1 Qc6 $140 24. Qg4+ Kf7 25. Ng5+ Kg7 $8 26.
Ne4+ Kf7 27. e6+ Ke8 28. exd7+ Kd8 $8 29. Qg5+ Kxd7 30. Nxc5+ $18) 22. d6 {
[%cal Gg5h5,Ge6c7]} Bxd6 23. Ng7+ $1 Kf8 24. Nxf5 $1 {[%cal Gg5g7]} Rg8 25.
Qh6+ Ke8 26. Qe6+ $1 Kf8 27. Qxd7 $18) (18... Nd4 $2 {loses after} 19. Qh5+ Ke7
(19... g6 20. Bxg6+ hxg6 21. Qxg6+ Ke7 22. d6+ $18) 20. d6+ Kxe6 21. Qg4+ Kf7
22. Qxd7+ Kg8 23. Bxb7 $18) 19. Be3 $1 {Most unpleasant play.White goes on
with the development of his pieces while Black is lack of any ideas.} g6 20.
Qf3 Nf7 21. Rad1 Rb8 ({After} 21... Nd8 {White can choose between 22.Ng5 or 22.
h4 /\h5}) 22. d6 {Now when all white pieces are in the play time of the
decisive attack has been coming.} Bh6 ({or} 22... Bxe4 23. Qxe4 {[%csl Rc4]})
23. Bd5 $1 {strengthening the pressure.} Nd8 $6 {loses by force,but even after
the best defence black is already lost.} (23... Bxd5 $8 24. Qxd5 (24. Rxd5 $5)
24... Nfxe5 25. Rfe1 $1 Nd3 26. Nxc5 $1 $18 {[%cal Rd5e6]}) 24. Nc7+ Kf8 25. f5
{The picturesque position.All White pieces excluding White's king are in
attack.Black ones can only observe White's attack.Who would say Black is a
piece up?!} Bxe3+ 26. Qxe3 h6 $8 27. fxg6+ Kg7 {Now a little combination in
Capablanca's style is coming:} 28. Rf7+ $1 {[%mdl 640]} Nxf7 29. Ne6+ Kg8 (
29... Kxg6 30. Qe4+ Kh5 31. Qf5+ Ng5 32. Nf4#) 30. gxf7+ Kxf7 31. Qf3+ $1 {
and mate in two moves.} (31. Qf3+ Ke8 (31... Kg6 32. Qg4+ Kf7 33. Qg7+ Ke8 34.
Qe7#) 32. Qh5#) 1-0